000 00621nam a2200217Ii 4500
003 JO-AjNU
008 230606s9999||||xx |||||||||||||| ||und||
020 _a0-17-555525-7
040 _aJO-AjNU
_beng
_erda
_cJO-AjNU
041 _aeng
050 1 4 _aLB1050.45 1984
100 3 _aFowler,WS,
_eauthor
_92736
245 0 0 _aReading Comprehension
250 _a1 ed
264 3 1 _aHong kong:Nelson,2007
300 _a117P
336 _atext
_btxt
_2rdacontent
337 _aunmediated
_bn
_2rdamedia
338 _avolume
_bnc
_2rdacarrier
650 4 _aReading comprehension-Study and teaching. Content area reading
_92737
999 _aE1432
_c1432
_d1432